| 000 | 00971nam a22002177a 4500 | ||
|---|---|---|---|
| 003 | OSt | ||
| 005 | 20180903071314.0 | ||
| 008 | 180226b xxu||||| |||| 00| 0 spa d | ||
| 020 | _a9505083521 | ||
| 040 | _cPJ | ||
| 100 |
_91936 _aMaurino, Alberto Luis |
||
| 245 | 1 | 0 |
_aPerención de la instancia en el proceso civil / _cAlberto Luis Maurino. |
| 260 |
_aBuenos Aires : _bAstrea, _c1991. |
||
| 300 |
_axlviii, 385 p. _c23 cm. |
||
| 504 | _aBibliografía: p. 379-385. | ||
| 505 | _aContenido: Presupuestos -- Legitimación -- Declaración de oficio -- Indivisibilidad -- Formas de producción -- Convalidación -- Plazos -- Suspensión -- Interrupción -- Aplicación segín procesos y etapas procesales -- Improcedencia -- Procedimiento -- Efectos -- La perención en segunda instancia. | ||
| 650 | 0 |
_91148 _aDERECHO PROCESAL CIVIL |
|
| 650 | 0 |
_91934 _aTERMINACION DEL PROCESO |
|
| 650 | 0 |
_91935 _aCADUCIDAD DE INSTANCIA |
|
| 942 |
_2udc _cLIB _h347.933 _iMAU |
||
| 999 |
_c1303 _d1303 |
||